Welches Land grenzt nicht an...? - Statistiken

Allgemein
  • Dieses Quiz wurde 172 mal gespielt
    102 seit der letzten Aktualisierung
  • Das Durchschnittsergebnis liegt bei 13 aus 18
Antwortstatistiken
Frage Antwort % Korrekt
Deutschland Italien
100%
Ägypten Marokko
96%
Ukraine Serbien
94%
China Japan
84%
Brasilien Chile
82%
Frankreich Liechtenstein
80%
Argentinien Peru
80%
Äthiopien Tansania
76%
Südafrika Sambia
75%
Venezuela Suriname
75%
Indonesien Thailand
73%
Myanmar Vietnam
73%
Saudi-Arabien Syrien
69%
Russland Armenien
65%
Guatemala Nicaragua
63%
Kroatien Italien
59%
Türkei Libanon
51%
Afghanistan Indien
41%
Keine übereinstimmenden Quizze gefunden
Verteilung der Resultate
Anzahl Personen mit jedem Resultat
Perzentil nach korrekt beantworteten Fragen
Ihre Resultats-Entwicklung
Sie haben dieses Quiz seit der letzten Aktualisierung nicht gespielt